|
|
|
|
| LEADER |
00000nam a22000007a 4500 |
| 005 |
20211007222941.0 |
| 007 |
cr|||| |||| |
| 008 |
211007s2020 co |||||s|||| 00||0 spa d |
| 020 |
|
|
|a 978-958-798-021-9
|
| 035 |
|
|
|a 35226
|
| 040 |
|
|
|a vLex
|
| 090 |
|
|
|c 12516
|d 12516
|
| 100 |
1 |
|
|a Lessing, Benjamin
|
| 245 |
1 |
0 |
|a Violencia y paz en la guerra contra las drogas
|h [Recurso electrn̤ico] :
|b Ofensivas estatales y carteles en amřica latina /
|c Benjamin Lessing
|
| 256 |
|
|
|a Servicio en ln̕ea
|
| 260 |
|
|
|a Bogot:̀
|b Universidad de Los Andes (Colombia),
|c 2020
|
| 300 |
|
|
|a 1 recurso electrn̤ico
|
| 506 |
1 |
|
|a Disponible solo en los productos indicados
|d vLex Global
|d vLex Global (Academic Edition, excluding Law Schools)
|d vLex Global (U.S. Academic Edition, Law Schools)
|d vLex Global (U.S. Academic Edition, excluding Law Schools)
|d vLex Global (Academic Edition, Law Schools)
|
| 650 |
0 |
4 |
|a Derecho Penal
|z Colombia
|
| 740 |
0 |
|
|a vLex Libros (Servicio en ln̕ea)
|
| 856 |
4 |
0 |
|u https://app.vlex.com/#/sources/35226
|z Acceso restringido
|
| 942 |
|
|
|c BOOK
|
| 999 |
0 |
|
|a Criminal law
|